| 000 | 00634nam a22001817a 4500 | ||
|---|---|---|---|
| 003 | BD-DhUL | ||
| 005 | 20170515144333.0 | ||
| 008 | 170515s1970 bg ||||| |||| 00| 0 ben c | ||
| 040 |
_aBD-DhUL _cBD-DhUL |
||
| 082 |
_a954.92 _bHAP |
||
| 100 | 1 | _aহক, আবদুল | |
| 245 | 1 | 0 |
_aপূর্ব বাংলা : আধা-ঔপনিবেশিক আধা-সামন্তবাদী / _cআবদুল হক |
| 250 | _a২য় সং. | ||
| 260 |
_aঢাকা : _bপদ্মা, _c১৯৭০ |
||
| 650 | 0 | _aবাংলাদেশ - ইতিহাস | |
| 650 | 0 | _aBangladesh- history | |
| 942 |
_2ddc _cBK |
||
| 999 |
_c196691 _d196691 |
||